000 00286nam a22001337a 4500
008 181206b xxu||||| |||| 00| 0 eng d
020 _a0864710062
041 _aeng
080 _a610
100 _a4
101 _aSHM
245 _aChoosing Nsaid Therapy
_cHart.D
942 _2udc
_cBK
999 _c52969
_d52969